000 00536nam a22001817a 4500
003 CEME
005 20210628205041.0
008 210224b xxu||||| |||| 00| 0 eng d
020 _a0-13-150749-4
040 _c.
082 _a621.395 MAN'T
100 _aPereg, Serafin A Mandado, Enrique Marcos, Jorge
_973629
245 _aProgrammable logic devices and logic controllers
260 _aNEWYORK
_bPRENTICE HALL
_c1996
300 _a783P
650 _aPROGRAMMABLE CONTROLLERS PROGRAMMABLE LOGIC DEVICES
_973630
942 _cBK
_2ddc
999 _c579299
_d579299